000 00607nam a22001817a 4500
999 _c184520
_d184520
005 20220121122255.0
010 _aENG-131311
020 _a978-93-5433-171-8
_c995.00
035 _aEN-114843
037 _bDBAD
082 _a891
100 _aGupta, Preeti
245 _aModern Indian Drama:
_cPreeti Gupta
_bHistorical Characters, New Contexts/
260 _aMumbai
_bHimalaya Publishing House Pvt. Ltd
_c2021
270 _bMumbai
_aRamdoot, Dr. Bhalerao Marg, Girgaon
_e400004
_k23860170, 23863863
_mhimpub@bharatmail.co.in
300 _a219p.
_c22cm(hbk)
942 _2ddc
_cEN
_h891
_mGUP